<?xml version="1.0" encoding="UTF-8"?>
<collection xmlns="http://www.loc.gov/MARC21/slim">
 <record>
  <leader>01227cam a2200313 7i4500</leader>
  <controlfield tag="001">0000133398</controlfield>
  <controlfield tag="005">20220207090000.0</controlfield>
  <controlfield tag="008">190507c20182018nyua    x     0     eng</controlfield>
  <datafield tag="020" ind1="#" ind2="#">
   <subfield code="a">9781119184300 </subfield>
  </datafield>
  <datafield tag="040" ind1="#" ind2="#">
   <subfield code="a">UMT</subfield>
  </datafield>
  <datafield tag="090" ind1="0" ind2="0">
   <subfield code="a">QH 541.5 .S3 </subfield>
   <subfield code="b">M39 2018</subfield>
  </datafield>
  <datafield tag="245" ind1="0" ind2="0">
   <subfield code="a">Marine ecological field methods : </subfield>
   <subfield code="b">a guide for marine biologists and fisheries scientists  </subfield>
   <subfield code="c">edited by Anne Gro Vea Salvanes, Jennifer Devine, Knut Helge Jensen, Jon Thomassen Hestetun, Kjersti Sjotun, Henrik Glenner.</subfield>
  </datafield>
  <datafield tag="264" ind1="#" ind2="1">
   <subfield code="a">Hoboken, NJ, USA: </subfield>
   <subfield code="b">Wiley Blackwell, </subfield>
   <subfield code="c">2018.</subfield>
  </datafield>
  <datafield tag="264" ind1="#" ind2="4">
   <subfield code="c">♭2018.</subfield>
  </datafield>
  <datafield tag="300" ind1="#" ind2="#">
   <subfield code="a">xv, 218 pages: </subfield>
   <subfield code="b">some colour illustrations; </subfield>
   <subfield code="c">26 cm.</subfield>
  </datafield>
  <datafield tag="336" ind1="#" ind2="#">
   <subfield code="a">text</subfield>
   <subfield code="2">rdacontent</subfield>
  </datafield>
  <datafield tag="337" ind1="#" ind2="#">
   <subfield code="a">unmediated</subfield>
   <subfield code="2">rdamedia</subfield>
  </datafield>
  <datafield tag="338" ind1="#" ind2="#">
   <subfield code="a">volume</subfield>
   <subfield code="2">rdacarrier</subfield>
  </datafield>
  <datafield tag="504" ind1="#" ind2="#">
   <subfield code="a">Includes bibliographical references and index</subfield>
  </datafield>
  <datafield tag="590" ind1="#" ind2="#">
   <subfield code="a">Pusat Pengajian Sains Perikanan dan Akuakultur</subfield>
  </datafield>
  <datafield tag="650" ind1="0" ind2="0">
   <subfield code="a">Marine ecology -- </subfield>
   <subfield code="x">Methodology </subfield>
  </datafield>
  <datafield tag="650" ind1="0" ind2="0">
   <subfield code="a">Ecosystemes marins -- </subfield>
   <subfield code="x">Methodologie </subfield>
  </datafield>
  <datafield tag="700" ind1="1" ind2="#">
   <subfield code="a">Salvanes, Anne Gro Vea </subfield>
  </datafield>
  <datafield tag="700" ind1="1" ind2="#">
   <subfield code="a">Sjotun, Kjersti </subfield>
  </datafield>
  <datafield tag="700" ind1="1" ind2="#">
   <subfield code="a">Glenner, Henrik </subfield>
  </datafield>
  <datafield tag="700" ind1="1" ind2="#">
   <subfield code="a">Hestetun, Jon Thomassen </subfield>
  </datafield>
  <datafield tag="700" ind1="1" ind2="#">
   <subfield code="a">Jensen, Knut Helge </subfield>
  </datafield>
  <datafield tag="700" ind1="1" ind2="#">
   <subfield code="a">Devine, Jennifer </subfield>
  </datafield>
  <datafield tag="999" ind1=" " ind2=" ">
   <subfield code="a">1100105677</subfield>
   <subfield code="b">Book</subfield>
   <subfield code="c">Koleksi Maritim</subfield>
   <subfield code="e">KOLEKSI MARITIM</subfield>
  </datafield>
 </record>
</collection>
